000 01744cam a2200337 a 4500
005 20240618124036.0
008 100706s2004||||ag a | |||| 00| 0 spa d
020 _a9789500618687
041 _aspa
092 _c616.079
_l72
_sRAB
100 1 _aRabinovich, Gabriel Adrián.
_9986
245 _aInmunopatología Molecular. Nuevas fronteras de la medicina.
_bUn nexo entre la investigacón biomédica y la práctica clínica /
_cGabriel Adrián Rabinovich.
250 _a1a ed.
260 _aBuenos Aires:
_bEditorial Médica Panamericana;
_c2004.
300 _a614 p.
_bil.
_c28x20 cm.
500 _aRabinovich, G. A. (2004). Inmunopatología Molecular. Nuevas fronteras de la medicina. Un nexo entre la investigación biomédica y la práctica clínica. (1a ed.). Buenos Aires : Editorial Médica Panamericana.
653 _aInmunología molecular y estructural: receptores, señales intracelulares y regulación transcripcional
653 _aInmunología, inmunogenética y trasplante
653 _aInflamación e inmunidad de mucosas: aspectos celulares y moleculares
653 _aAspectos celulares y moleculares de la respuesta inmune frente a las infecciones
653 _aInmunodeficiencias: desde el gen hacia la clinica. Diagnóstico molecular, terapéutica e investigación básica
653 _aInmunobiología e inmunopatología de la reproducción
653 _aRespuesta inmune frente a los tumores
653 _aTolerancia inmunológica y autoinmunidad: mecanismos, inmunodiagnóstico y terapéutica
653 _aAtopia, alergia e hipersenbilidad: perspectivas de la inmunointervención
653 _aNeuroinmunoendocrinología
930 _a1185
930 _a1310
930 _a1311
942 _2ddc
_cBK
999 _c484
_d484